000 00623nam a2200181Ia 4500
001 525
005 20260306140524.0
008 260306t2002||||xx |||||||||||||| ||spa||
041 _aESP
082 _a123.1
_bK21
100 _aKant, Immanuel, 1724-1804
_eAUT
245 0 _aSobre el tema del concurso para el año de 1791 propuesto por la Academia Real de Ciencias de Berlín :
_b¿Cuáles son los efectivos progresos que la metafísica ha hecho en Alemania desde los tiempos de Leibniz y Wolff?
260 _c2002
300 _accxxx, 193 páginas :
_c18 cm
650 _aGEN
654 _aCHU
942 _cLIB
_dJUS
_fJUS
_2ddc
_n
999 _c525
_d525